00302pab a2200133 454500008004000000100002600040245003200066260000900098300001300107362001100120650001000131650001200141773001500153180718b2004 xxu||||| |||| 00| 0 eng d aMungekar, Bhalchandra aMy vision of India: 2047 AD c2004 ap.37-43. a24 Jan aIndia aCulture aMainstrean